| 000 | 01117 a2200253 4500 | ||
|---|---|---|---|
| 005 | 20251209132408.0 | ||
| 008 | 251209b |||||||| |||| 00| 0 eng d | ||
| 020 | _a9789381843505 (hbk) | ||
| 037 | _cTB | ||
| 040 |
_aCRL _cCRL |
||
| 041 |
_2hin _ahin |
||
| 084 |
_aQ22:23 152R4 _qCRL |
||
| 100 |
_aमिश्र, शिवम कुमार _9821385 |
||
| 245 | _aवैष्णव आगमों में वैष्णवी भक्ति के विविध आयाम | ||
| 260 |
_aदिल्ली, भारत: _bस्वाति पब्लिकेशन्स, _c2024. |
||
| 300 | _a307पृ. | ||
| 365 |
_b1950.00 _cINR |
||
| 546 | _aTranslated from Sanskrit to Hindi | ||
| 650 |
_aधर्म _9855525 |
||
| 650 |
_aहिन्दू धर्म _9855526 |
||
| 650 |
_aवैष्णव _9855527 |
||
| 942 |
_cTB _2CC _n0 _hQ22:23 152R4 |
||
| 999 |
_c1435474 _d1435474 |
||